[Event "23. Memorial Kochana - B"]
[Site "Koszalin"]
[Date "2012.08.13"]
[Round "3.11"]
[White "Mucha, Krzysztof"]
[Black "Bregoszewski, Leon"]
[Result "1-0"]
[WhiteElo "1890"]
[BlackElo "1685"]
[PlyCount "71"]
[EventDate "2012.??.??"]

1. e4 c6 2. d4 d5 3. exd5 cxd5 4. c4 dxc4 5. Bxc4 e6 6. Nf3 Nf6 7. O-O Be7 8.
Nc3 a6 9. a4 O-O 10. Qe2 Nc6 11. Rd1 Nd5 12. Qe4 Nf6 13. Qh4 Nd5 14. Qg3 Bd6
15. Qg4 e5 16. Qe4 Nxc3 17. bxc3 exd4 18. Ng5 g6 19. Qh4 h5 20. cxd4 Qf6 21.
Rd3 Bf5 22. Rd1 Rae8 23. f3 Nxd4 24. Rxd4 Be5 25. Be3 Bc7 26. Bf2 Be5 27. Rad1
Bc2 28. R1d2 Qb6 29. g4 Qb1+ 30. Kg2 b5 31. axb5 axb5 32. Bxf7+ Rxf7 33. Nxf7
Kxf7 34. Rd7+ Ke6 35. Bc5 Bf6 36. R2d6+ 1-0

[Event "23. Memorial Kochana - B"]
[Site "Koszalin"]
[Date "2012.08.13"]
[Round "3.12"]
[White "Kubiak, Jakub"]
[Black "Malaczek, Mateusz"]
[Result "0-1"]
[WhiteElo "1471"]
[BlackElo "1822"]
[PlyCount "94"]
[EventDate "2012.??.??"]

1. e4 c5 2. Nf3 Nc6 3. d4 cxd4 4. Nxd4 g6 5. Be3 Bg7 6. Nc3 Nf6 7. Be2 O-O 8.
O-O d6 9. f3 Bd7 10. Qd2 a6 11. a4 Rc8 12. Nb3 Ne5 13. a5 Nc4 14. Bxc4 Rxc4 15.
Bb6 Qc8 16. Rfc1 Be6 17. Qd3 Nd7 18. Nd4 Nxb6 19. Nxe6 fxe6 20. axb6 Bxc3 21.
bxc3 Rxc3 22. Qd2 Qc5+ 23. Qf2 Rc8 24. Ra2 Rc6 25. Qxc5 R6xc5 26. Rb2 a5 27.
Ra2 Kf7 28. Kf1 Ke8 29. Ke2 Kd7 30. Kd2 R3c4 31. Rb1 Kc6 32. Kd3 d5 33. exd5+
exd5 34. Re1 Kd6 35. Rb1 e5 36. Rba1 Rc3+ 37. Kd2 d4 38. Re1 Kd5 39. f4 e4 40.
Rea1 e3+ 41. Kd1 Ke4 42. Rxa5 Rxc2 43. Rxc5 Rxc5 44. Ra7 Kd3 45. Ra3+ Rc3 46.
Rxc3+ dxc3 47. g4 e2+ 0-1

[Event "23. Memorial Kochana - B"]
[Site "Koszalin"]
[Date "2012.08.13"]
[Round "3.13"]
[White "Czarnolewski, Piotr"]
[Black "Cwirko, Mateusz"]
[Result "0-1"]
[WhiteElo "1795"]
[BlackElo "1436"]
[PlyCount "96"]
[EventDate "2012.??.??"]

1. c4 c5 2. Nf3 Nc6 3. g3 e6 4. Bg2 d5 5. cxd5 exd5 6. O-O Be7 7. d4 c4 8. Nc3
Nf6 9. b3 Bb4 10. Bb2 Bxc3 11. Bxc3 Ne4 12. Qc2 b5 13. Nd2 Nxc3 14. Qxc3 b4 15.
Qe3+ Be6 16. bxc4 O-O 17. c5 a5 18. a3 Bc8 19. axb4 Nxb4 20. Qc3 Bb7 21. Rfb1
Bc6 22. Nf3 f6 23. Ne1 Bb5 24. e4 Bc4 25. Qd2 Re8 26. f3 Qc7 27. Bf1 Bxf1 28.
Kxf1 dxe4 29. fxe4 Rxe4 30. Rxb4 Rae8 31. Rb2 a4 32. Qc3 Qd7 33. Rd2 Qf5+ 34.
Nf3 Re3 35. Qc4+ Kf8 36. Rf2 Rxf3 37. Qa2 Rxf2+ 38. Qxf2 Qd3+ 39. Kg1 Re4 40.
c6 Qxd4 41. c7 Qxa1+ 42. Kg2 Qc3 43. Qb6 Re2+ 44. Kh3 Re7 45. Qb8+ Re8 46. Qd8
Qc5 47. Qd7 Qh5+ 48. Kg2 Re2+ 0-1

[Event "23. Memorial Kochana - B"]
[Site "Koszalin"]
[Date "2012.08.13"]
[Round "3.14"]
[White "Januszkiewicz, Wojciech"]
[Black "Leszczewska, Edyta"]
[Result "1-0"]
[WhiteElo "1766"]
[BlackElo "1398"]
[PlyCount "87"]
[EventDate "2012.??.??"]

1. e4 e5 2. Nf3 Nc6 3. Bb5 Bc5 4. O-O d6 5. h3 Bd7 6. c3 Nf6 7. d4 exd4 8. cxd4
Bb6 9. e5 Nd5 10. Bc4 Nde7 11. Nc3 O-O 12. exd6 cxd6 13. Bf4 Nf5 14. d5 Ncd4
15. Nxd4 Bxd4 16. Bd3 Bc5 17. Ne4 Qb6 18. Qg4 Bd4 19. Nxd6 Nxd6 20. Qxd7 Rad8
21. Qg4 Qc5 22. Qh4 f5 23. Bxd6 Qxd6 24. Qxd4 b6 25. Rfe1 Rfe8 26. Bxf5 Kh8 27.
Re3 Qf8 28. Bg4 Rd6 29. Rae1 Red8 30. Bh5 Rxd5 31. Qxd5 Rxd5 32. Re8 Rf5 33.
Rxf8+ Rxf8 34. Re8 Kg8 35. Rxf8+ Kxf8 36. f4 h6 37. f5 Ke7 38. g4 Kd6 39. h4
Ke5 40. Kf2 Kf4 41. Bg6 Kxg4 42. h5 Kf4 43. Ke2 Ke4 44. f6+ 1-0

[Event "23. Memorial Kochana - B"]
[Site "Koszalin"]
[Date "2012.08.13"]
[Round "3.15"]
[White "Trembowiecka-Wysota, Aleksandra"]
[Black "Ziobrowska, Danuta"]
[Result "1/2-1/2"]
[WhiteElo "1417"]
[BlackElo "1621"]
[PlyCount "169"]
[EventDate "2012.??.??"]

1. e4 c6 2. d4 d5 3. Nc3 dxe4 4. Nxe4 Bf5 5. Ng3 Bg6 6. h4 h6 7. Nf3 Nd7 8. Be3
e6 9. Qd2 Ngf6 10. h5 Be4 11. Be2 Bd6 12. Bf4 Qc7 13. Bxd6 Qxd6 14. O-O-O O-O-O
15. Qa5 Kb8 16. Ne5 Qe7 17. Nxd7+ Qxd7 18. Qe5+ Qd6 19. f3 Bh7 20. Rhe1 Kc8 21.
f4 Qb4 22. a3 Qa4 23. Qc5 Rd5 24. Qc4 Qa5 25. Bf3 Rb5 26. Re5 Rxe5 27. dxe5 Nd5
28. Bxd5 exd5 29. Qd4 Rd8 30. e6 f6 31. Qe3 Qa4 32. f5 Re8 33. e7 Bg8 34. Re1
Kd7 35. Kb1 b6 36. Qe2 Bf7 37. Nh1 Qh4 38. g4 d4 39. Nf2 Qg3 40. Ne4 Qe5 41.
Qa6 Qc7 42. Qd3 Rxe7 43. Qxd4+ Kc8 44. Qa4 Kb8 45. Rd1 Bd5 46. Nc3 Bf3 47. Rf1
Bxg4 48. Qxg4 Qe5 49. Qf4 Qxf4 50. Rxf4 Re1+ 51. Ka2 Rh1 52. Rg4 Rxh5 53. Rxg7
Rxf5 54. Rg6 h5 55. Ne4 a5 56. Kb3 Ka7 57. Rxf6 Re5 58. Nf2 Rb5+ 59. Kc3 Rc5+
60. Kd2 Kb7 61. Rf7+ Kc8 62. Rf3 Kd7 63. c3 Ke6 64. b4 axb4 65. axb4 Rd5+ 66.
Ke2 c5 67. Nh3 Re5+ 68. Re3 h4 69. Rxe5+ Kxe5 70. Ke3 cxb4 71. cxb4 b5 72. Kd3
Kf5 73. Ke3 Kg4 74. Nf2+ Kg3 75. Ke2 Kg2 76. Ng4 h3 77. Ne3+ Kg1 78. Nf1 Kg2
79. Ne3+ Kg1 80. Ng4 Kg2 81. Ne3+ Kg1 82. Ng4 Kg2 83. Nf2 h2 84. Nh1 Kxh1 85.
Kf2 1/2-1/2

[Event "23. Memorial Kochana - B"]
[Site "Koszalin"]
[Date "2012.08.13"]
[Round "3.16"]
[White "Popiolek, Henryk"]
[Black "Dabrowski, Damian"]
[Result "0-1"]
[WhiteElo "1385"]
[BlackElo "1543"]
[PlyCount "124"]
[EventDate "2012.??.??"]

1. d4 d5 2. Nf3 Nc6 3. e3 a6 4. c4 Nf6 5. Nc3 Bf5 6. a3 e6 7. c5 b6 8. b4 Be7
9. Be2 O-O 10. O-O a5 11. b5 Na7 12. c6 Ne4 13. Nxe4 Bxe4 14. Ne1 Bd6 15. f4
Qh4 16. Bd2 f5 17. Nf3 Qg4 18. h3 Qg6 19. a4 Rf6 20. Qe1 Qh6 21. Qg3 Kh8 22.
Be1 Rg8 23. Ng5 Qg6 24. Nxe4 dxe4 25. Kh2 Qh6 26. Kh1 g5 27. Qh2 gxf4 28. exf4
Rfg6 29. g4 Qg7 30. Bc3 Re8 31. g5 Rxg5 32. Rac1 Rg3 33. Ba1 Rg8 34. d5 e5 35.
Rg1 Rxg1+ 36. Rxg1 Qxg1+ 37. Qxg1 Rxg1+ 38. Kxg1 Bc5+ 39. Kg2 Bd4 40. Bxd4 exd4
41. Kf1 Nc8 42. Bh5 Kg7 43. Be8 Nd6 44. Bd7 Kh6 45. Be6 Kh5 46. Kf2 Kh4 47. Kg2
d3 48. Kf2 Kxh3 49. Ke3 Kg3 50. Bxf5 Nxf5+ 51. Kxe4 d2 52. Kxf5 d1=Q 53. Ke6
Qg4+ 54. f5 h5 55. Kd7 Qf4 56. f6 h4 57. Ke7 h3 58. f7 h2 59. f8=Q Qxf8+ 60.
Kxf8 h1=Q 61. d6 Qh6+ 62. Ke7 Qxd6+ 0-1

[Event "23. Memorial Kochana"]
[Site "Koszalin"]
[Date "2012.08.14"]
[Round "4.1"]
[White "Shishkin, Vadim"]
[Black "Malaniuk, Vladimir P"]
[Result "1/2-1/2"]
[WhiteElo "2485"]
[BlackElo "2523"]
[PlyCount "23"]
[EventDate "2012.??.??"]

1. d4 Nf6 2. c4 c6 3. Nc3 d5 4. cxd5 cxd5 5. Bf4 Nc6 6. e3 Bf5 7. Bd3 Bxd3 8.
Qxd3 e6 9. Nf3 Bd6 10. Bxd6 Qxd6 11. O-O O-O 12. Rac1 1/2-1/2

[Event "23. Memorial Kochana"]
[Site "Koszalin"]
[Date "2012.08.14"]
[Round "4.2"]
[White "Ovsejevitsch, Sergei"]
[Black "Mielczarski, Miroslaw"]
[Result "1-0"]
[WhiteElo "2561"]
[BlackElo "2238"]
[PlyCount "104"]
[EventDate "2012.??.??"]

1. c4 Nf6 2. d4 e6 3. Nc3 Bb4 4. e3 c5 5. Bd3 O-O 6. Nf3 d5 7. O-O b6 8. cxd5
exd5 9. dxc5 bxc5 10. Ne2 Be6 11. b3 Nbd7 12. Bb2 Qe7 13. Rc1 Rfc8 14. Nf4 Rc7
15. Nxe6 fxe6 16. Qe2 e5 17. e4 c4 18. bxc4 d4 19. Nh4 g6 20. c5 Nxc5 21. Bc4+
Kg7 22. f4 Nfxe4 23. Nf3 Nc3 24. Bxc3 Bxc3 25. fxe5 Re8 26. Rcd1 d3 27. Bxd3
Bxe5 28. Qxe5+ Qxe5 29. Nxe5 Rxe5 30. Bc4 h5 31. Rfe1 Rxe1+ 32. Rxe1 Kf6 33.
Rf1+ Ke5 34. Rf7 Rxf7 35. Bxf7 Kf6 36. Bc4 g5 37. g3 Ke5 38. Kg2 h4 39. gxh4
gxh4 40. Kh3 Ne4 41. Kxh4 Kf6 42. Bd3 Nc3 43. a3 Nd5 44. Kg4 Ke5 45. Kg5 Nf4
46. Bf5 Ng2 47. Bh3 Ne1 48. Bg4 Nc2 49. a4 Nd4 50. h4 Nc6 51. h5 Kd6 52. h6 Ke7
1-0

[Event "23. Memorial Kochana"]
[Site "Koszalin"]
[Date "2012.08.14"]
[Round "4.3"]
[White "Jacek, Krystian"]
[Black "Weichhold, Pawel"]
[Result "0-1"]
[WhiteElo "2071"]
[BlackElo "2365"]
[PlyCount "132"]
[EventDate "2012.??.??"]

1. e4 c5 2. Nf3 d6 3. d4 cxd4 4. Nxd4 Nf6 5. Nc3 a6 6. Bg5 e6 7. f4 Be7 8. Qf3
Qc7 9. O-O-O Nbd7 10. g4 h6 11. Bxf6 Bxf6 12. h4 Qb6 13. Nb3 Be7 14. Kb1 Nc5
15. g5 Bd7 16. g6 O-O 17. gxf7+ Rxf7 18. Bh3 Bf6 19. Nxc5 Qxc5 20. Qd3 Bxc3 21.
Qxc3 Qxc3 22. bxc3 d5 23. exd5 exd5 24. Rxd5 Bxh3 25. Rxh3 Raf8 26. h5 Rxf4 27.
Kb2 R8f6 28. Rd8+ Kh7 29. Rd7 Rf7 30. Rd4 R4f5 31. c4 Rc7 32. Rd5 Rc5 33. Rxf5
Rxf5 34. Rb3 Rxh5 35. Rxb7 Rc5 36. Kb3 h5 37. Kb4 Rc8 38. c5 h4 39. Kc4 Kg6 40.
Rb1 Kh5 41. Kd5 g5 42. c6 g4 43. Kd6 g3 44. c7 g2 45. Kd7 Rg8 46. Rg1 h3 47. c4
Kg4 48. c5 Kf3 49. c6 h2 50. Rxg2 Kxg2 51. c8=Q Rxc8 52. Kxc8 h1=Q 53. c7 Qb1
54. Kd7 Qb5+ 55. Kd8 Qd5+ 56. Ke7 Qe4+ 57. Kd8 Qh4+ 58. Kd7 Qg4+ 59. Kd8 Qg8+
60. Kd7 Qd5+ 61. Ke7 Qc6 62. Kd8 Qd6+ 63. Kc8 a5 64. a4 Qb4 65. Kd8 Qh4+ 66.
Kc8 Qxa4 0-1

[Event "23. Memorial Kochana"]
[Site "Koszalin"]
[Date "2012.08.14"]
[Round "4.4"]
[White "Rawicz, Karol"]
[Black "Sieciechowicz, Marcin"]
[Result "1/2-1/2"]
[WhiteElo "2261"]
[BlackElo "2441"]
[PlyCount "92"]
[EventDate "2012.??.??"]

1. Nf3 Nf6 2. c4 g6 3. Nc3 d5 4. cxd5 Nxd5 5. e4 Nxc3 6. bxc3 Bg7 7. d4 c5 8.
Be3 Qa5 9. Qd2 cxd4 10. cxd4 Qxd2+ 11. Kxd2 Bg4 12. Rb1 b6 13. Bb5+ Nd7 14.
Rhc1 O-O 15. Rc7 Rfd8 16. h3 Bxf3 17. gxf3 Nf8 18. Rxe7 Bf6 19. Rb7 Bxd4 20.
Bxd4 Rxd4+ 21. Ke3 Ne6 22. Rc1 Rb4 23. Bc4 Rc8 24. Bxe6 Rxc1 25. Rxf7 Kh8 26.
Kf4 Rc5 27. Rxa7 Rb2 28. Kg3 h6 29. Rb7 b5 30. Bd5 Rd2 31. Rb6 Kg7 32. Rb7+ Kf6
33. Rf7+ Ke5 34. f4+ Kd4 35. f5 Rc3+ 36. f3 gxf5 37. Rxf5 Ke3 38. h4 Rc1 39.
Kg4 Rf1 40. Kh5 Rxf3 41. Rxf3+ Kxf3 42. Kxh6 Kf4 43. h5 b4 44. Kg7 Rg2+ 45. Kf6
Rh2 46. Kg6 Rg2+ 1/2-1/2

[Event "23. Memorial Kochana"]
[Site "Koszalin"]
[Date "2012.08.14"]
[Round "4.5"]
[White "Watorek, Marcin"]
[Black "Tiba, Vladyslav"]
[Result "0-1"]
[WhiteElo "2154"]
[BlackElo "2192"]
[PlyCount "84"]
[EventDate "2012.??.??"]

1. d4 d5 2. c4 dxc4 3. e4 Nf6 4. e5 Nd5 5. Bxc4 Nb6 6. Bd3 Nc6 7. Ne2 Bg4 8. f3
Be6 9. Nbc3 Qd7 10. Be3 Nc4 11. Bxc4 Bxc4 12. O-O e6 13. a3 Be7 14. Qc2 O-O-O
15. b3 Bxe2 16. Nxe2 f6 17. Rfd1 Bf8 18. b4 Ne7 19. d5 Nxd5 20. Bxa7 fxe5 21.
Rac1 Bd6 22. Nc3 Qc6 23. Qb3 Qa6 24. Bf2 Nf4 25. Qc2 Rhf8 26. b5 Qa5 27. Ne4
Be7 28. b6 c6 29. Qb2 Bxa3 30. Rxd8+ Rxd8 31. Qa2 Ne2+ 32. Qxe2 Bxc1 33. g3 Qb5
34. Qc2 Bb2 35. Nc5 Bd4 36. Qa2 Bxf2+ 37. Kg2 Bxc5 38. Qa8+ Kd7 39. Qxb7+ Ke8
40. Qxg7 Qxb6 41. Qxe5 Kd7 42. Qg7+ Be7 0-1

[Event "23. Memorial Kochana"]
[Site "Koszalin"]
[Date "2012.08.14"]
[Round "4.6"]
[White "Adamowicz, Katarzyna"]
[Black "Kudas, Damian"]
[Result "1-0"]
[WhiteElo "2114"]
[BlackElo "2098"]
[PlyCount "85"]
[EventDate "2012.??.??"]

1. e4 c5 2. Nf3 Nc6 3. d4 cxd4 4. Nxd4 Nf6 5. Nc3 e5 6. Ndb5 d6 7. Bg5 a6 8.
Na3 b5 9. Nd5 Be7 10. Bxf6 Bxf6 11. c3 Bg5 12. Nc2 O-O 13. a4 bxa4 14. Rxa4 a5
15. Bc4 Rb8 16. b3 Kh8 17. O-O f5 18. exf5 Bxf5 19. Nce3 Bg6 20. Ra2 e4 21. Be2
Bxe3 22. Nxe3 Ne5 23. Nc4 Nxc4 24. Bxc4 Qb6 25. Qe2 Rbe8 26. Re1 Re5 27. Rd2
Qd8 28. Qe3 Ref5 29. Red1 Bh5 30. Rxd6 Qh4 31. R1d2 Bf3 32. Bf1 Rh5 33. h3 h6
34. Kh2 Rg5 35. R6d5 Bxg2 36. Rxg5 Rf3 37. Rd8+ Kh7 38. Rxg7+ Kxg7 39. Qd4+ Rf6
40. Bxg2 Qf4+ 41. Kg1 Qc1+ 42. Qd1 Qxc3 43. Qg4+ 1-0

[Event "23. Memorial Kochana"]
[Site "Koszalin"]
[Date "2012.08.14"]
[Round "4.7"]
[White "Sokolowski, Ryszard"]
[Black "Adamowicz, Maciej"]
[Result "0-1"]
[WhiteElo "2132"]
[BlackElo "1969"]
[PlyCount "118"]
[EventDate "2012.??.??"]

1. e4 c5 2. Nf3 g6 3. d4 cxd4 4. Nxd4 Bg7 5. c4 Nc6 6. Be3 Nf6 7. Nc3 d6 8. Be2
O-O 9. O-O Nxd4 10. Bxd4 Bd7 11. Qd2 Bc6 12. f3 a5 13. b3 Nd7 14. Be3 Nc5 15.
Rab1 Qb6 16. Rfc1 Rfc8 17. Bf1 h5 18. a3 Nxb3 19. Qf2 Qxe3 20. Qxe3 Bd4 21.
Qxd4 Nxd4 22. Kf2 a4 23. Ke3 Nb3 24. Rc2 Ra5 25. Rf2 Rc5 26. Rfb2 Kf8 27. g3 e6
28. Rd1 Ke7 29. f4 Be8 30. h3 R8c7 31. Rdb1 Bd7 32. g4 hxg4 33. hxg4 Na5 34.
Rb4 Nxc4+ 35. Bxc4 Rxc4 36. Rxc4 Rxc4 37. Kd3 Rc7 38. Rb4 Bc6 39. Nxa4 Rc8 40.
Nb6 Rh8 41. e5 Rh3+ 42. Kd4 dxe5+ 43. fxe5 Rxa3 44. Nc8+ Kf8 45. Nd6 Rg3 46.
Kc5 Re3 47. Kd4 Rg3 48. Kc5 g5 49. Rd4 Re3 50. Nc4 Re2 51. Rd8+ Kg7 52. Rd4 Bd5
53. Kd6 Bxc4 54. Rxc4 Rd2+ 55. Kc7 b5 56. Rb4 Rd5 57. Re4 Rc5+ 58. Kb6 Rc4 59.
Re2 b4 0-1

[Event "23. Memorial Kochana - B"]
[Site "Koszalin"]
[Date "2012.08.14"]
[Round "4.1"]
[White "Tarczykowski, Janusz"]
[Black "Kiolbasa, Damian"]
[Result "1-0"]
[WhiteElo "1988"]
[BlackElo "1826"]
[PlyCount "45"]
[EventDate "2012.??.??"]

1. d4 Nf6 2. c4 g6 3. Nc3 Bg7 4. e4 O-O 5. Nf3 d6 6. Be2 Na6 7. O-O e5 8. Be3
Ng4 9. Bg5 Qe8 10. c5 exd4 11. Nd5 Qxe4 12. Ne7+ Kh8 13. Bd3 Qe6 14. Re1 Qd7
15. Bxa6 dxc5 16. Bc4 h6 17. Bh4 g5 18. Bxg5 hxg5 19. Nxg5 Qd6 20. Qd3 Qxh2+
21. Kf1 Qh4 22. Nxf7+ Rxf7 23. Ng6+ 1-0

[Event "23. Memorial Kochana - B"]
[Site "Koszalin"]
[Date "2012.08.14"]
[Round "4.3"]
[White "Osinski, Emil"]
[Black "Bartoszewicz, Marcin"]
[Result "0-1"]
[WhiteElo "1839"]
[BlackElo "1908"]
[PlyCount "128"]
[EventDate "2012.??.??"]

1. e4 c5 2. Nf3 d6 3. d4 cxd4 4. Nxd4 Nf6 5. Nc3 a6 6. Bg5 e6 7. f4 Be7 8. Qf3
Qc7 9. g4 h6 10. Bxf6 Bxf6 11. O-O-O Nd7 12. h4 g6 13. Bg2 Be7 14. g5 hxg5 15.
hxg5 Rxh1 16. Rxh1 Nf8 17. Kb1 b5 18. Qg3 b4 19. Nce2 e5 20. Nf3 Be6 21. fxe5
dxe5 22. Qxe5 Qxe5 23. Nxe5 Bxg5 24. Nc6 Be7 25. Nxe7 Kxe7 26. Nd4 Bd7 27. Kc1
Ne6 28. Nxe6 Bxe6 29. b3 Rd8 30. Bf1 a5 31. Bd3 Kf6 32. Kd2 Ke5 33. Ke3 Rg8 34.
Rg1 f6 35. Rg3 g5 36. Be2 Rh8 37. Bf3 Rh2 38. Bg2 Rh4 39. Bf3 Rh2 40. Bg2 Bd7
41. Kd3 Bc6 42. Ke3 Rh4 43. Bf3 Bxe4 44. Bxe4 Rxe4+ 45. Kd3 Rd4+ 46. Ke2 g4 47.
c3 Re4+ 48. Kf2 bxc3 49. Rxc3 Kf4 50. a3 Rd4 51. Rc5 f5 52. Rxa5 Rd2+ 53. Kg1
Ke4 54. Rc5 g3 55. a4 f4 56. Rc8 Kf3 57. Rc3+ Kg4 58. Rc4 Kh3 59. Rxf4 Rd1+ 60.
Rf1 Rxf1+ 61. Kxf1 Kh2 62. Ke2 g2 63. Kd3 g1=Q 64. Kc4 Qb6 0-1

[Event "23. Memorial Kochana - B"]
[Site "Koszalin"]
[Date "2012.08.14"]
[Round "4.4"]
[White "Pilat, Wieslaw"]
[Black "Darowicki, Mariusz"]
[Result "0-1"]
[WhiteElo "1899"]
[BlackElo "1856"]
[PlyCount "92"]
[EventDate "2012.??.??"]

1. e4 e6 2. d4 d5 3. exd5 exd5 4. Bf4 Bd6 5. Bg3 Nf6 6. Bd3 O-O 7. Nd2 c6 8.
Ne2 Bg4 9. f3 Bh5 10. c3 Bg6 11. Qc2 Re8 12. Kf2 Qc7 13. c4 Bxg3+ 14. hxg3 Nbd7
15. Nf4 Bxd3 16. Qxd3 dxc4 17. Nxc4 Rad8 18. Qf5 Nb6 19. Ne5 Rxd4 20. Rae1 Qc8
21. Qc2 Red8 22. Re2 Nbd5 23. Nxf7 Nxf4 24. Nxd8 Nxe2 25. Qb3+ Rd5 26. Kxe2
Qxd8 27. Rd1 Qd7 28. Kf2 Kh8 29. Rxd5 cxd5 30. Qa3 a6 31. Qf8+ Ng8 32. Qb8 Qc6
33. Qe5 Qc5+ 34. Kf1 Qc4+ 35. Kg1 d4 36. Kf2 Qc2+ 37. Ke1 Qc1+ 38. Ke2 Qxb2+
39. Kd1 Qa1+ 40. Kd2 Qxa2+ 41. Kd3 Qa3+ 42. Kd2 Qe3+ 43. Qxe3 dxe3+ 44. Kxe3
Nf6 45. Kd4 Kg8 46. Kc5 Kf7 0-1

[Event "23. Memorial Kochana - B"]
[Site "Koszalin"]
[Date "2012.08.14"]
[Round "4.5"]
[White "Szmidt, Przemyslaw"]
[Black "Koszowski, Krystian"]
[Result "0-1"]
[WhiteElo "1936"]
[BlackElo "1677"]
[PlyCount "110"]
[EventDate "2012.??.??"]

1. e4 e5 2. Nf3 Nc6 3. Bb5 d6 4. d4 exd4 5. Qxd4 Bd7 6. Bxc6 Bxc6 7. Nc3 Qf6 8.
Bg5 Qg6 9. O-O-O h6 10. Bh4 Qxg2 11. Ne5 Be7 12. Nxc6 Bxh4 13. Qa4 Kf8 14. Nd4
Bxf2 15. Ndb5 Bb6 16. Nd5 Rc8 17. Rhf1 Ne7 18. Qb3 Nxd5 19. exd5 a6 20. Na3 Re8
21. Nc4 Qe4 22. Kb1 Bc5 23. Nd2 Qb4 24. Qf3 Re7 25. Qf5 Kg8 26. Nb3 Qb5 27. Rd3
Qd7 28. Qh5 Kh7 29. Rdf3 Rhe8 30. a3 Re1+ 31. Ka2 Rxf1 32. Rxf1 Re7 33. Qf3 Bb6
34. Qd3+ Kg8 35. Rf3 Qe8 36. Qf5 Re5 37. Qd3 Re3 38. Qf5 Rxf3 39. Qxf3 Qe5 40.
c4 Qxh2 41. Qf5 Qe5 42. Qc8+ Kh7 43. Qxb7 a5 44. Qa6 Qe4 45. Nxa5 Bxa5 46. Qxa5
Qxc4+ 47. b3 Qc2+ 48. Ka1 Qxb3 49. Qa8 h5 50. a4 h4 51. Qc6 h3 52. Qd7 Qd1+ 53.
Kb2 Qe2+ 54. Ka3 Qf3+ 55. Kb4 h2 0-1

[Event "23. Memorial Kochana - B"]
[Site "Koszalin"]
[Date "2012.08.14"]
[Round "4.6"]
[White "Lebiedowicz, Borys"]
[Black "Mucha, Krzysztof"]
[Result "1/2-1/2"]
[WhiteElo "1730"]
[BlackElo "1890"]
[PlyCount "141"]
[EventDate "2012.??.??"]

1. e4 c5 2. Nf3 Nc6 3. d4 cxd4 4. Nxd4 Nf6 5. Nc3 d6 6. Bc4 e5 7. Nb3 Be6 8.
Be2 d5 9. exd5 Nxd5 10. Ne4 Be7 11. O-O O-O 12. Bd2 Bf5 13. Bd3 Ndb4 14. Nf6+
Bxf6 15. Bxf5 g6 16. Be4 Qc7 17. a3 Na6 18. f4 Rad8 19. f5 Nd4 20. fxg6 fxg6
21. Nxd4 Rxd4 22. Qe2 Nc5 23. Bf3 Ne6 24. Bc3 Rh4 25. g3 Nd4 26. Bd5+ Kg7 27.
Qg2 Rh6 28. Bd2 Rh5 29. c3 Nc2 30. Rac1 Qb6+ 31. Kh1 Ne3 32. Bxe3 Qxe3 33. Bxb7
Rf5 34. c4 Bg5 35. Rce1 Qc5 36. Bd5 Rf2 37. Rxf2 Rxf2 38. Qe4 Bf6 39. b4 Qc8
40. Qe3 Rb2 41. Qxa7+ Kh6 42. Qe3+ Bg5 43. Qxe5 Ra2 44. Be6 Qa8+ 45. Bd5 Qxa3
46. Qd6 Qb2 47. Qf8+ Qg7 48. Qxg7+ Kxg7 49. Rb1 Bf6 50. b5 Ra1 51. Rxa1 Bxa1
52. b6 Bd4 53. b7 Be5 54. Kg2 Kf6 55. Kf3 h5 56. Ke4 g5 57. Kf3 h4 58. c5 hxg3
59. hxg3 Ke7 60. g4 Kd8 61. Ke4 Bf4 62. Kf5 Kc7 63. Ke6 Bg3 64. Be4 Bf4 65. c6
Bg3 66. Kd5 Bf4 67. Kc5 Bg3 68. Kb5 Bf4 69. Ka6 Be3 70. Bf5 Bd4 71. Be6 1/2-1/2

[Event "23. Memorial Kochana - B"]
[Site "Koszalin"]
[Date "2012.08.14"]
[Round "4.7"]
[White "Kowalski, Maciej"]
[Black "Czaplewska, Klara"]
[Result "1-0"]
[WhiteElo "1851"]
[BlackElo "1747"]
[PlyCount "43"]
[EventDate "2012.??.??"]

1. d4 d5 2. c4 c6 3. Nc3 Nf6 4. cxd5 cxd5 5. Bf4 e6 6. e3 a6 7. Nf3 Bd6 8. Bd3
Bxf4 9. exf4 Nc6 10. O-O O-O 11. Rc1 Bd7 12. Bb1 Rc8 13. Ne5 Qb6 14. Qd3 g6 15.
Rfd1 Qxb2 16. h3 Nb4 17. Qe3 Nc6 18. g4 Nxe5 19. fxe5 Ne4 20. Bxe4 dxe4 21.
Nxe4 Ba4 22. Qh6 1-0

[Event "23. Memorial Kochana - B"]
[Site "Koszalin"]
[Date "2012.08.14"]
[Round "4.8"]
[White "Dabrowski, Damian"]
[Black "Czernicki, Bogdan"]
[Result "0-1"]
[WhiteElo "1543"]
[BlackElo "1850"]
[PlyCount "74"]
[EventDate "2012.??.??"]

1. e4 e6 2. d4 d5 3. Nd2 f5 4. exf5 exf5 5. Bd3 Nf6 6. f3 Nc6 7. c3 Bd6 8. Ne2
O-O 9. b4 Ne7 10. Nb3 Ng6 11. Qc2 Ne8 12. g3 c6 13. Bd2 Nc7 14. O-O-O b6 15. h3
Qf6 16. g4 a5 17. bxa5 bxa5 18. a4 Ba6 19. Bxa6 Rxa6 20. Kb2 f4 21. Ka2 Nh4 22.
Qd3 g5 23. Rhf1 Ra7 24. Rc1 Rb8 25. c4 Bb4 26. cxd5 Nxd5 27. Qc4 Rab7 28. Rb1
Bxd2 29. Nxd2 Rb4 30. Rxb4 Rxb4 31. Qc5 Qe6 32. Ka1 Rxa4+ 33. Kb2 Qxe2 34. Kc1
Ra1+ 35. Kc2 Nb4+ 36. Kb3 Qd3+ 37. Kb2 Qa3# 0-1

[Event "23. Memorial Kochana - B"]
[Site "Koszalin"]
[Date "2012.08.14"]
[Round "4.10"]
[White "Borkowski, Helmut"]
[Black "Januszkiewicz, Wojciech"]
[Result "0-1"]
[WhiteElo "1497"]
[BlackElo "1766"]
[PlyCount "66"]
[EventDate "2012.??.??"]

1. e4 c5 2. Nf3 Nc6 3. d4 cxd4 4. Nxd4 g6 5. Be3 Bg7 6. Nxc6 bxc6 7. c3 d6 8.
Nd2 Nf6 9. Be2 O-O 10. h4 e5 11. h5 d5 12. hxg6 fxg6 13. Bh6 Bxh6 14. Rxh6 Qb6
15. Qc2 Ng4 16. Rxg6+ hxg6 17. O-O-O Rxf2 18. exd5 Bf5 19. Bd3 Ne3 20. Qa4 Nxd1
21. Nc4 Qb5 22. Qxd1 cxd5 23. a4 Qb7 24. Qe1 dxc4 25. Bxc4+ Kh7 26. Qxf2 Qe4
27. Ba2 Qf4+ 28. Qxf4 exf4 29. Bd5 Rd8 30. c4 Kg7 31. Kd2 Be6 32. Kc3 Bxd5 33.
cxd5 Rxd5 0-1

[Event "23. Memorial Kochana - B"]
[Site "Koszalin"]
[Date "2012.08.14"]
[Round "4.11"]
[White "Cwirko, Mateusz"]
[Black "Przerwa, Waldemar"]
[Result "0-1"]
[WhiteElo "1436"]
[BlackElo "1807"]
[PlyCount "118"]
[EventDate "2012.??.??"]

1. e4 c6 2. d4 d5 3. Nc3 dxe4 4. Nxe4 Nd7 5. Nf3 Ngf6 6. Nxf6+ Nxf6 7. Bd3 Bg4
8. c3 e6 9. h3 Bh5 10. O-O Qc7 11. Be2 Bd6 12. Be3 O-O 13. Nd2 Bxe2 14. Qxe2
Nd5 15. Nc4 Nxe3 16. Qxe3 Bh2+ 17. Kh1 Bf4 18. Qe2 c5 19. Rad1 Rac8 20. Ne3
Rfd8 21. Nc2 e5 22. dxe5 Qxe5 23. Qxe5 Bxe5 24. Rfe1 f6 25. Ne3 b5 26. Ng4 Bb8
27. Kg1 Kf7 28. Kf1 b4 29. c4 Rd4 30. Rxd4 cxd4 31. b3 h5 32. Nh2 Bxh2 33. g3
h4 34. Kg2 hxg3 35. fxg3 Re8 36. Rf1 Re2+ 37. Rf2 d3 38. Rxe2 dxe2 39. Kf2
Bxg3+ 40. Kxe2 Ke6 41. Kf3 Be1 42. Ke4 f5+ 43. Kd4 Bf2+ 44. Kd3 Ke5 45. Ke2 Bc5
46. Kf3 g5 47. Kg3 Ke4 48. Kg2 f4 49. Kf1 Kf3 50. h4 gxh4 51. Ke1 h3 52. Kd2 h2
53. Kd3 h1=Q 54. Kd2 Qg2+ 55. Kc1 Qf1+ 56. Kd2 Qe2+ 57. Kc1 Be3+ 58. Kb1 Qd1+
59. Kb2 Bd4# 0-1

[Event "23. Memorial Kochana - B"]
[Site "Koszalin"]
[Date "2012.08.14"]
[Round "4.12"]
[White "Zimochocki, Roman"]
[Black "Pijewski, Milosz"]
[Result "1/2-1/2"]
[WhiteElo "1805"]
[BlackElo "1511"]
[PlyCount "74"]
[EventDate "2012.??.??"]

1. d4 d5 2. Nf3 c6 3. c3 Bf5 4. Bf4 Nd7 5. e3 e6 6. Be2 Ngf6 7. Nbd2 Be7 8. O-O
O-O 9. Ne5 Nxe5 10. Bxe5 Nd7 11. Bg3 Qb6 12. Qb3 c5 13. Rac1 c4 14. Qxb6 Nxb6
15. Bd1 Bd3 16. Re1 a6 17. Bc2 Bxc2 18. Rxc2 Nd7 19. e4 Bf6 20. f4 b5 21. Nf3
dxe4 22. Rxe4 Nb6 23. Bf2 Nd5 24. Ne5 Bxe5 25. dxe5 Rfd8 26. Bc5 Nc7 27. Bd4
Nd5 28. g4 g6 29. h4 Kg7 30. f5 Rg8 31. Kh2 gxf5 32. gxf5 Kh6 33. Rf2 Rg7 34.
fxe6 fxe6 35. Be3+ Kh5 36. Bg5 h6 37. Bf6 Rg6 1/2-1/2

[Event "23. Memorial Kochana - B"]
[Site "Koszalin"]
[Date "2012.08.14"]
[Round "4.13"]
[White "Siwon, Zbigniew"]
[Black "Belczewski, Jacek"]
[Result "1/2-1/2"]
[WhiteElo "1792"]
[BlackElo "1498"]
[PlyCount "100"]
[EventDate "2012.??.??"]

1. d4 d5 2. c4 e6 3. Nc3 Nf6 4. Bg5 Nbd7 5. e3 c6 6. cxd5 exd5 7. Bd3 Qa5 8.
Nge2 Bd6 9. O-O O-O 10. Qc2 h6 11. Bh4 Qc7 12. Bg3 Bxg3 13. Nxg3 Nb6 14. b4 Qe7
15. Rab1 Bd7 16. a4 Rfe8 17. a5 Nc8 18. Na4 a6 19. Qc5 Nd6 20. Nb6 Rad8 21. Qc2
Nde4 22. Na4 Bc8 23. Nc5 Kh8 24. Ngxe4 Nxe4 25. Rfe1 Nd6 26. Qe2 Qf6 27. Rec1
Re7 28. Nxa6 bxa6 29. Rxc6 Bb7 30. Rb6 Rc7 31. Bxa6 Rdc8 32. h3 Bxa6 33. Rxa6
Qf5 34. Rf1 Ne4 35. Qg4 Qxg4 36. hxg4 Rb7 37. Rb1 Rcb8 38. f3 Nf6 39. Kf2 Rxb4
40. Rxb4 Rxb4 41. Ra8+ Kh7 42. a6 Ra4 43. Kg3 Ng8 44. Kf4 Ne7 45. Ke5 Nc6+ 46.
Kd6 Nb4 47. a7 Ra6+ 48. Kc5 Nc6 49. Kxd5 Nxa7 50. e4 Ra5+ 1/2-1/2